banner koha

Allelopathic interference of medicinal plants extract in the development of brassicas in a greenhouse (Registro n. 327798)

MARC details
000 -LÍDER
fixed length control field 03755nab a2200337 i 4500
003 - CÓDIGO MARC DA AGÊNCIA CATALOGADORA
Campo de controle BR-BrBNA
005 - DATA E HORA DA ÚLTIMA ATUALIZAÇÃO
Campo de controle 20240924160429.0
008 - CAMPO DE TAMANHO FIXO
fixed length control field 240924b2021 bl.qr|pooa||| 00| 0 eng |
040 ## - FONTE DA CATALOGAÇÃO
Agência catalogadora BR-BrBNA
Idioma da catalogação eng
072 ## - CATEGORIA AGRIS
Código AGRIS F61
072 ## - CATEGORIA AGRIS
Código AGRIS F62
100 ## - ENTRADA PRINCIPAL - NOME PESSOAL
Nome pessoal Pan, Renan
100 ## - ENTRADA PRINCIPAL - NOME PESSOAL
Nome pessoal Brito, Tauane Santos
100 ## - ENTRADA PRINCIPAL - NOME PESSOAL
Nome pessoal Nozaki, Marcia de Holanda
100 ## - ENTRADA PRINCIPAL - NOME PESSOAL
Nome pessoal Camargo, Lenir Aparecida Buss de
100 ## - ENTRADA PRINCIPAL - NOME PESSOAL
Nome pessoal Carvalho, João Paulo Fonesi de
100 ## - ENTRADA PRINCIPAL - NOME PESSOAL
Nome pessoal Eberling, Tatiane
245 ## - TÍTULO PRINCIPAL
Título principal Allelopathic interference of medicinal plants extract in the development of brassicas in a greenhouse
500 ## - NOTA GERAL
Nota geral Publicação on-line; 22 ref.; 1 table; 2 illus.; Summaries (En, Pt)
942 ## - ADDED ENTRY ELEMENTS (KOHA)
Koha item type Analítica
520 ## - NOTA DE RESUMO
Nota de conteúdo <br/><br/>RESUMO: <br/><br/>Interferência alelopática do extrato de plantas medicinais no desenvolvimento<br/>de brássicas em casa de vegetação. O cultivo orgânico é tendência mundial, fazendo com que<br/>maneiras alternativas de incremento de características agronômicas se tornem essenciais aos<br/>produtores, destacando-se a alelopatia. O objetivo do presente trabalho foi avaliar a interferência<br/>da aplicação de extrato alecrim, camomila e hortelã, resultantes de infusão, no estágio inicial<br/>de plantas de rúcula e agrião, em condições de casa de vegetação. Foram cultivadas em vasos<br/>de 10 l, contendo solo rico em matéria orgânica, mudas de agrião e rúcula e posteriormente<br/>essas mudas foram submetidas a diferentes concentrações de extratos de alecrim, camomila<br/>e hortelã em casa de vegetação. Foram datados parâmetros morfológicos e submetidos à<br/>análise de regressão quando significativos. Diferentes concentrações de extrato de camomila<br/>atuaram positivamente no desenvolvimento de mudas de agrião e rúcula. Já extratos de alecrim<br/>e hortelã acentuaram o desenvolvimento de mudas de agrião e reduziram o desenvolvimento de<br/>mudas de rúcula de acordo com o aumento da concentração. Os três extratos demonstraram<br/>aumentos em parâmetros de parte aérea em ambas hortícolas testadas.<br/><br/>Palavras-chave: Agrião. Rúcula. Rosmarinus officinalis. Matricaria recutita. Mentha x piperita.<br/>
520 ## - NOTA DE RESUMO
Nota de conteúdo <br/><br/>ABSTRACT: <br/><br/>The organic crops are now a global tendency providing alternative ways to<br/>increase the essential agronomic characteristics to farmers, giving highlighting the allelopathy.<br/>The objective of this work was to evaluate the effect of different extracts derivates of infusion of<br/>rosemary, chamomile and mint on the first growing stages of arugula and cress on greenhouse<br/>conditions. Seedlings of arugula and cress were cultivated on 10 l flower pots rich on organic<br/>matter and after they were transplanted were sprayed different concentrations of the extracts on<br/>each plant. Were dated different morphological parameters and the results were submitted to<br/>regression analysis when significant. Different concentrations of chamomile acted positively on<br/>the seedling development of cress and arugula, on the other hand, higher levels of the extracts<br/>of rosemary and mint provided a decrease on the development of arugula. The three extracts<br/>improved the aerial development on both tested plants.<br/><br/>Keywords: Cress, Arugula Rosmarinus officinalis. Matricaria recutita. Mentha x piperita.
650 ## - ASSUNTO - THESAGRO
Cabeçalho tópico ou nome geográfico AGRIÃO
650 ## - ASSUNTO - THESAGRO
Cabeçalho tópico ou nome geográfico RÚCULA
650 ## - ASSUNTO - THESAGRO
Cabeçalho tópico ou nome geográfico ROSMARINUS OFFICINALIS
650 ## - ASSUNTO - THESAGRO
Cabeçalho tópico ou nome geográfico CAMOMILA
650 ## - ASSUNTO - THESAGRO
Cabeçalho tópico ou nome geográfico MENTHA PIPERITA
773 0# - ENTRADA ANALÍTICA
Host Biblionumber 3543
Registro do item 344691
Imprenta Botucatu-SP Instituto de Biociências - Departamento de Química e Bioquímica 1998
Outro identificador 2024-5023
Título Revista Brasileira de Plantas Medicinais (Brazil)
ISSN 1516-0572
Colação v. 23(3) p. 125-130; (2021)
Número de controle de registro BR2024002661
856 ## - ACESSO E ENDEREÇO ELETRÔNICO
Identificador uniforme de recurso - URI http://www.sbpmed.org.br/admin/files/papers/file_2nBiAmqSVOl3.pdf

Nenhum exemplar disponível.

BINAGRI

Telefone: (61)3218-2567/2388/3357/2097 - binagri@agro.gov.br

Ministério da Agricultura e Pecuária , Esplanada dos Ministérios, Bloco D, Anexo B, Brasília/DF, CEP: 70.043-900